Poľnohospodárstvo SEPI "L" - aktualizácia č. 13

Bibliographic Details
Corporate Author: Slovensko (Author)
Format: Book
Language:Slovak
PhysicalDescription:[26] s. tab. 21 cm
Published: Žilina Systém ekonomických a právnych informácií [1999]
ISBN:8088961114
Subjects:

MARC

LEADER 00000cam a2200000 a 4500
001 vtls001407876
003 SK-MaSNL
005 20260301202129.0
008 160415s1999 xo a r 00000 slo
015 |a SNBI2001/02-01290 
020 |a 8088961114 
035 |a SNK000362537 
040 |a SNK  |b slo  |c SNK  |e AACR2 
041 0 |a slo 
044 |a xo  |c SK 
080 |a 631:658.114:340.133(094.57)  |2 1981 
080 |a 658.114  |2 1981 
080 |a 340.133  |2 1981 
110 1 |a Slovensko  |4 aut  |9 266955 
245 1 0 |a Poľnohospodárstvo  |b SEPI "L" - aktualizácia č. 13 
260 |a Žilina  |b Systém ekonomických a právnych informácií  |c [1999] 
300 |a [26] s.  |b tab.  |c 21 cm 
500 |a SEPI - Systém Ekonomických a Právnych Informácií 
500 |a Voľné listy bez obalu 
650 0 7 |a poľnohospodárstvo  |2 SNKPH  |9 679 
650 0 7 |a podnikanie  |2 SNKPH  |9 1757 
655 7 |a vyhlášky  |2 SNKPH  |9 70671 
919 |a 80-88961-11-4 
958 |a TL 
999 |c 897652  |d 899582 
952 |t P60, <03>, [BOOK], {603}  |a SNK  |b SNK  |y PREZ  |7 0  |p 17A0291884  |o snkSC 102063/príl.13  |i snkKSP 2966/2001  |0 0  |1 0  |4 0  |d 2001-02-23  |l 0  |r 2025-09-23 00:00:00  |w 2026-02-24 
952 |t P60, <04>, [BOOK], {604}  |a SNK  |b SNK  |y VYP  |7 0  |p 17A0291885  |o snkSC 102063/príl.13 D1  |i snkKSP 2967/2001  |0 0  |1 0  |4 0  |d 2001-02-23  |l 0  |r 2005-01-02 00:00:00  |w 2026-02-24